Youtubeurs Fortnite avec leurs skin - Statistiques

Statistiques générales
  • Ce quiz a été pris 70 fois
    62 depuis la dernière actualisation
  • Le résultat moyen est 4 sur 5
Statistiques - réponses
Par images Réponse % Correct
Zetfar
98%
Natmor
89%
Wazz
87%
Wig
54%
Jinskow
50%
Aucun quiz correspondant
Distribution des résultats
% des personnes avec chaque résultat
Percentile par nombre de réponses
Votre historique - résultats
Vous n’avez pas pris ce quiz depuis la dernière actualisation